00723 a2200193 4500999001500000010001400015020002300029035001300052037001500065082000800080100002000088245005700108260004500165270006800210300002900278490008600307942002700393952010900420 c5597d5597 aENG-86940 a0195688600c195.00 aEN-70473 bDBAD / PUB14a8811 aPalke, Rajiv S.1 aPostcolonial poetry in english /cby Rajeev S. Patke aNew DelhibOxford University Pressc2007 aY.M.C.A . Library building, Jai Singh Road,bNew Delhie110 001 axii, 267 pc21 cm. (Pbk) aOxford Studies in Postcolonial Literatures in English / edited by Elleke Boehmer adplcEN2ddch881mPAL 001040718NFICaDBADbDBADeDBAD/PUBg195.00l0o881 PALpEN-70473r2008-09-15 00:00:00t1v195.00yEN